Contribution of India to Global Cultural Civilization (Record no. 8761)
[ view plain ]
| 000 -LEADER | |
|---|---|
| fixed length control field | 00382nam a2200145Ia 4500 |
| 005 - DATE AND TIME OF LATEST TRANSACTION | |
| control field | 20241026120209.0 |
| 008 - FIXED-LENGTH DATA ELEMENTS--GENERAL INFORMATION | |
| fixed length control field | 241026s9999 xx 000 0 und d |
| 082 ## - DEWEY DECIMAL CLASSIFICATION NUMBER | |
| Item number | Shr |
| 100 ## - MAIN ENTRY--PERSONAL NAME | |
| Personal name | Shrama Pt Shriram Acharya |
| 245 #0 - TITLE STATEMENT | |
| Title | Contribution of India to Global Cultural Civilization |
| 260 ## - PUBLICATION, DISTRIBUTION, ETC. | |
| Name of publisher, distributor, etc. | Haridwar , Shri Vedmata Gayatree Trust |
| 260 ## - PUBLICATION, DISTRIBUTION, ETC. | |
| Date of publication, distribution, etc. | 2014 |
| 300 ## - PHYSICAL DESCRIPTION | |
| Extent | 212 |
| 942 ## - ADDED ENTRY ELEMENTS (KOHA) | |
| Koha item type | Donated Book |
| Lost status | Koha item type | Current library | Home library | Date last seen | Not for loan | Total Checkouts | Barcode | Price effective from | Withdrawn status | Date acquired | Cost, normal purchase price |
|---|---|---|---|---|---|---|---|---|---|---|---|
| Donated Book | BGU Central Library | BGU Central Library | 26/10/2024 | G655 | 26/10/2024 | 26/10/2024 | 72.00 |

2cqr automation private limited, Chennai. All Rights Reserved.